Gravity Falls - Guia do Dipper e da Mabel para mistérios e diversão sem fim (Registo nº 75401)

Detalhes MARC
000 -Etiqueta do registo
campo de controlo de comprimento fixo 00531 2200181 4500
001 - Identificador do registo
Campo de controlo 75401
005 - Identificador da versão
Campo de controlo 20260123141518.0
010 ## - ISBN
Número (ISBN) 978-972-20-6750-8
100 ## - Dados Gerais de Proc.
Dados gerais de processamento 20260123d2020 d||y0pory50 ba
200 ## - Título
Título próprio Gravity Falls - Guia do Dipper e da Mabel para mistérios e diversão sem fim
Primeira menção de responsabilidade Disney
Outras menções de responsabilidade trad. Rita Furtado
205 ## - Menção da edição
Menção da edição 5ªed
210 ## - Publicação, Distribuição
Lugar da edição, distribuição, etc. Alfragide
Nome do editor, distribuidor, etc. Dom Quixote
Data da publicação, distribuição, etc. 2020
215 ## - Descrição física
Descrição física 160p.
675 ## - CDU
Notação 82
Edição 5ªed
700 ## - Responsabilidade principal
Palavra de ordem Disney
Outra parte do nome Walt
Datas 1901-1966
702 ## - Responsabilidade secundária
Palavra de ordem Furtado
Outra parte do nome Rita
Código de função Tradutor
Koha Internal Code 21039
090 ## - Números de controlo do sistema (Koha)
Número biblioitem do Koha (gerado automaticamente) 75401
942 ## - Elementos de entrada adicionados (Koha)
Tipo de item no Koha Monografias
Suprimido Disponível no OPAC
Exemplares
Removido (estado) Perdido (estado) Data de aquisição Origem do registo (biblioteca) (codificado) Código da organização que empresta ou é detentora (biblioteca) Código de barras Número de inventário Cota Data de empréstimo ou depósito Tipo de circulação (não pode ser emprestado) Tipo de item e material
Disponível Disponível 2026-01-23 Biblioteca EB23 D. Manuel I Biblioteca EB23 D. Manuel I BEBDMI9667 9667 82 - 93 DIS 2026-02-25 Normal Monografias